| 000 | 01049cam a22003135i 4500 | ||
|---|---|---|---|
| 999 |
_c28632 _d28603 |
||
| 001 | 008050878 | ||
| 003 | EG-ScBUE | ||
| 005 | 20200908114606.0 | ||
| 008 | 980914s1998 enka f 001 0 eng d | ||
| 020 | _a9780071156776 | ||
| 040 |
_aUk _beng _erda _cUk _dEG-ScBUE |
||
| 082 | 0 | 4 |
_a658.0072 _bCOO _222 |
| 100 | 1 |
_aCooper, Donald R., _eauthor. |
|
| 245 | 1 | 0 |
_aBusiness research methods / _cDonald R. Cooper, Pamela S. Schindler. |
| 250 | _aSixth edition. | ||
| 250 | _aInternational edition. | ||
| 264 | 1 |
_aLondon : _bMcGraw-Hill, _c1998. |
|
| 300 |
_axvi, 703 pages : _billustrations ; _c24 cm. |
||
| 336 |
_atext _btxt _2rdacontent |
||
| 337 |
_aunmediated _bn _2rdamedia |
||
| 338 |
_avolume _bnc _2rdacarrier |
||
| 490 | 0 |
_aThe Irwin / McGraw-Hill series. _aoperations and decision sciences |
|
| 500 | _aPrevious ed.: 1995. | ||
| 504 | _aIncludes bibliographical references and index. | ||
| 650 | 7 |
_aIndustrial management _xResearch. _2BUEsh |
|
| 653 |
_bBUSADM _cAugust2020 |
||
| 700 | 1 |
_aSchindler, Pamela S., _eauthor. |
|
| 942 |
_2ddc _cBB |
||